G20 Mitgliedsstaaten - Statistiken

Allgemein
  • Dieses Quiz wurde 4.097 mal gespielt
  • Das Durchschnittsergebnis liegt bei 17 aus 19
Antwortstatistiken
Region Land % Korrekt
Südamerika Brasilien
98%
Nordamerika Vereinigte Staaten
98%
Ozeanien Australien
97%
Ostasien China
97%
Europa Deutschland
96%
Nordamerika Kanada
96%
Europa/Asien Russland
96%
Südamerika Argentinien
95%
Europa Frankreich
95%
Ostasien Japan
94%
Nordamerika Mexiko
93%
Europa/Asien Türkei
91%
Südasien Indien
90%
Europa Italien
89%
Europa Vereinigtes Königreich
89%
Afrika Südafrika
86%
Ostasien Südkorea
80%
Südostasien Indonesien
78%
Vorderasien Saudi-Arabien
67%
Keine übereinstimmenden Quizze gefunden
Verteilung der Resultate
Anzahl Personen mit jedem Resultat
Perzentil nach korrekt beantworteten Fragen
Ihre Resultats-Entwicklung
Sie haben dieses Quiz noch nicht gespielt